| 000 | 01079cam a22003257a 4500 | ||
|---|---|---|---|
| 003 | CHAP | ||
| 005 | 20220329135019.0 | ||
| 008 | 971013s1987 r 00010 d | ||
| 010 | _a29558 | ||
| 011 | _a30530 | ||
| 035 | _a34642 | ||
| 040 | _cCHAP | ||
| 082 |
_a581.634 _bM34 |
||
| 100 | 0 | 0 |
_aMagdaleno Mora, Raquel. _969827 |
| 245 | 1 | 3 | _aLa formación del campo |
| 260 |
_aMorelia, Mich. : _bBalsal, _c1987 |
||
| 300 |
_a120 p. _b: ilus |
||
| 590 |
_aBATCH-UPD _b10 _c20130109 _lUCH01 _h2358 |
||
| 590 |
_aBATCH-UPD _b10 _c20130110 _lUCH01 _h1135 |
||
| 590 |
_aBATCH-UPD _b10 _c20130410 _lUCH01 _h0723 |
||
| 590 |
_aBATCH-UPD _b10 _c20130914 _lUCH01 _h0740 |
||
| 590 |
_aCONVERSION _b10 _c20130109 _lUCH01 _h1317 |
||
| 650 | 1 | 4 |
_aBotánica médica. _914680 |
| 650 | 1 | 4 |
_aFarmacopea. _939766 |
| 901 | _aBK | ||
| 942 | _cLIBRO | ||
| 949 |
_a581.634 M34 _bBC _cLIBRO _d33724000362885 _eLIBRO _h71815 _i34642 _mD _si |
||
| 949 |
_a581.634 M34 _bBC _cLIBRO _d33724002164009 _eLIBRO _fc.2 _gI.c/e _h112177 _i34642 _si |
||
| 949 |
_a581.634 M34 _bBC _cLIBRO _d33724002175545 _eLIBRO _fc.3 _h112716 _i34642 _si |
||
| 999 |
_c29558 _d29558 |
||